Top 10 des plus petites villes à accéder à la ligue 1 - Statistiques

Statistiques générales
  • Ce quiz a été pris 101 fois
  • Le résultat moyen est 4 sur 10
Statistiques - réponses
Nombre d'habitants Ville % Correct
7 200 Guingamp
78%
36 000 Auxerre
66%
4 000 ❤️ Sochaux
64%
35 000 Lens
59%
18 500 Sedan
55%
7 600 Gueugnon
35%
42 500 Istres
30%
32 000 Monaco
27%
41 000 Alès
14%
41 500 Angoulême
11%
Aucun quiz correspondant
Distribution des résultats
% des personnes avec chaque résultat
Percentile par nombre de réponses
Votre historique - résultats
Vous n’avez pas pris ce quiz